000
00217nam a22000857a 4500
008
170131b xxu||||| |||| 00| 0 eng d
100
_9
2698
_a
Erna Voigt
245
_a
Peter and Der Wolf
260
_a
Verlog
_b
Anne He Betz
_c
2003
999
_c
5859
_d
5859